European Treble Winners - Statistics

General Stats
  • This quiz has been taken 18 times
  • The average score is 8 of 11
Answer Stats
Season Answer % Correct
2008-2009 FC Barcelona
92%
2014-2015 FC Barcelona
92%
1998-1999 Manchester United
92%
1971-1972 Ajax
83%
2012-2013 Bayern Munich
83%
2019-2020 Bayern Munich
83%
2022-2023 Manchester City
83%
2009-2010 Inter Milan
75%
2024-2025 Paris Saint-Germain
75%
1987-1988 PSV Eindhoven
42%
1966-1667 Celtic
33%
No matching quizzes found
Score Distribution
Percent of People with Each Score
Percentile by Number Answered
Your Score History
You have not taken this quiz